| 000 | 02882nam a2200373Ia 4500 | ||
|---|---|---|---|
| 999 |
_c54453 _d54453 |
||
| 001 | 21515 | ||
| 003 | GE_BSU | ||
| 005 | 20211125174815.0 | ||
| 008 | 181216s2016||||ge |||||||||||||| ||geo|| | ||
| 020 | _a9789941093715 | ||
| 040 | _cGE_BSU | ||
| 041 | _ageo | ||
| 080 | _a342.731(479.22)+348(479.22)+322.22(479.22) რ-40 | ||
| 245 |
_aრელიგიის თავისუფლება : _bსახელმწიფოს დისკრიმინაციული და არასეკულარული პოლიტიკის კრიტიკა / _cკვლევის ავტორები : თამთა მიქელაძე, მარიამ ბეგაძე, ეთო გვრიტიშვილი, ქეთი ჩუთლაშვილი ; ქართული ტექსტის რედაქტორი ნინო კალატოზიშვილი ; ინგლ. ტექსტის რედაქტორი ისა ჩენ, მარიამ ბეგაძე ; მთარგმნელი : ნათია გელაშვილი, ლიკა ჯამბურია. |
||
| 264 |
_aთბილისი : _b[?], _c2016. |
||
| 300 |
_a168, 134 გვ. ; _c26 სმ. |
||
| 500 | _aწაღმა-უკუღმა წიგნი | ||
| 504 | _aბიბლიოგრაფია ტექსტის შენიშვნებში | ||
| 520 | _aტექსტი აგრეთვე ინგლისურ ენაზე | ||
| 541 | _h12 ლ. | ||
| 653 | _aრელიგიის თავისუფლება | ||
| 653 | _aსახელმწიფო და ეკლესია | ||
| 653 | _aსახელმწიფოს დისკრიმინაციული და არასეკულარული პოლიტიკის კრიტიკა | ||
| 700 |
_aმიქელაძე, თამთა _eავტორი _913069 |
||
| 700 |
_aბეგაძე, მარიამ _eავტორი _913070 |
||
| 700 |
_aგვრიტიშვილი, ეთო _eავტორი _913071 |
||
| 700 |
_aჩუთლაშვილი, ქეთი _eავტორი _913072 |
||
| 700 |
_aკალატოზიშვილი, ნინო _eქართული ტექსტის რედაქტორი _913059 |
||
| 700 |
_aჩენ, ისა _eინგლისური ტექსტის რედაქტორი _913073 |
||
| 700 |
_aბეგაძე, მარიამ _eინგლისური ტექსტის რედაქტორი _913074 |
||
| 700 |
_aგელაშვილი, ნათია _eმთარგმნელი _913060 |
||
| 700 |
_aჯამბურია, ლიკა _eმთარგმნელი _913075 |
||
| 942 |
_cBK _2udc |
||